000 01737cam a22003854i 4500
003 PE-LiUPU
005 20250731183359.0
008 150623s r 000 0 d
035 _a(Sirsi) a22067
040 _aPE-LiUPU
_bspa
_cPE-LiUPU
_erda
082 0 4 _a782.420 985
_bL54
_221
100 1 _aLévano, César,
_d1926-,
_eautor.
245 1 0 _aUn cancionero escondido :
_bhistoria y música del Centro Musical Obrero de Lima, 1922-1924 /
_cCésar Lévano.
264 1 _aLima :
_bBiblioteca Nacional del Perú,
_c1998.
300 _a174 páginas :
_bilustraciones partituras ;
_c29 cm.
336 _atext
_2rdacontent
337 _aunmediated
_2rdamedia
338 _avolume
_2rdacarrier
500 _aI Convocatoria Nacional "José Maria Arguedas". Avances de investigación - Música.
504 _aIncluye bibliografía.
505 0 _aUn cancionero escondido : historia y música del Centro Musiocal Obrero de Lima : 1922-1924. -Coplas y tonadas de Cumanana. -Testimonio: chuscada y otras canciones populares del departamento de Ancash.
526 _aP158
526 _aP146
526 _aP17
526 _aP12
526 _aP06
650 0 4 _aCanciones populares peruanas.
700 1 _aAdrianzén Palacios, Noél Orlando,
_eed.
700 1 _aPortella Egúsquiza, Américo,
_eed.
942 _2ddc
_cBOOK
949 _a782.420 985 L54
_wDEWEY
_c1
_i45731
_lCCODEBUL1
_mBUL
_p00.00
_r0
_sY
_tBOOK
_u2015-06-24
_xBIBLIOTECA
_zUNKNOWN
_0COMPRA
_o.STAFF. Colección General
596 _a1
999 _a782.420 985 L54
_wDEWEY
_c22599
_i45731
_d22599
_e2016-10-3
_f2021-11-5
_g7
_lCCODEBUL1
_mBUL
_n1
_r1
_sY
_tBOOK
_u2015-6-24
_xBIBLIOTECA
_zUNKNOWN
_0COMPRA
_o.STAFF. Colección General
980 _81
_gALBERTO SANCHEZ Responsable de Automatización